[Event "BPB Limburg-open C"]
[Site "Maastricht"]
[Date "2015.05.24"]
[Round "5"]
[White "Hauffe, Frank"]
[Black "Oosterlinck, Freddy"]
[Result "0-1"]
[WhiteElo "1703"]
[BlackElo "1356"]
[PlyCount "44"]
[EventDate "2015.05.22"]
[EventType "swiss"]
[EventRounds "7"]
[EventCountry "NED"]
[Source "P.Boonen"]
[SourceDate "2015.01.01"]

1. d4 c6 2. Nf3 d5 3. e3 Nf6 4. Bd3 Bg4 5. h3 Bh5 6. g4 Bg6 7. Ne5 e6 8. Bxg6
hxg6 9. Qf3 Nbd7 10. Nxf7 Kxf7 11. g5 Be7 12. gxf6 gxf6 13. Bd2 Qb6 14. Bc3 Bb4
15. Nd2 Bxc3 16. bxc3 Qb2 17. Rb1 Qxc2 18. Rxb7 Ke8 19. Ke2 Rb8 20. Rhb1 Rxb7
21. Rxb7 Qxa2 22. Qg3 Qa6+ 0-1

[Event "BPB Limburg-open C"]
[Site "Maastricht"]
[Date "2015.05.24"]
[Round "5"]
[White "Heman, Frans"]
[Black "Michielsen, Lies"]
[Result "1/2-1/2"]
[WhiteElo "1620"]
[BlackElo "1150"]
[PlyCount "76"]
[EventDate "2015.05.22"]
[EventType "swiss"]
[EventRounds "7"]
[EventCountry "NED"]
[Source "P.Boonen"]
[SourceDate "2015.01.01"]

1. f4 d5 2. Nf3 Nf6 3. e3 Nc6 4. Bb5 Bd7 5. b3 a6 6. Bxc6 Bxc6 7. O-O e6 8. Bb2
Bc5 9. Ne5 Bb5 10. Rf3 d4 11. Nd3 dxe3 12. Nxc5 e2 13. Qe1 b6 14. Nd3 Bc6 15.
Rh3 Ng4 16. Qxe2 Nf6 17. Nc3 Rg8 18. Ne5 Bb7 19. d3 g5 20. f5 Qd4+ 21. Qe3 Qd6
22. Re1 h5 23. fxe6 fxe6 24. Nc4 Qd7 25. Qxe6+ Qxe6 26. Rxe6+ Kf7 27. Rxf6+
Kxf6 28. Rxh5 Kg6 29. Rh3 Rgf8 30. Ne4 Rf4 31. Ne5+ Kg7 32. Nf3+ Kf7 33. Nfxg5+
Kg6 34. Rg3 Bxe4 35. Nxe4+ Kf5 36. Rf3 Rxf3 37. gxf3 Rg8+ 38. Kf2 Rg6 {.....}
1/2-1/2

[Event "BPB Limburg-open C"]
[Site "Maastricht"]
[Date "2015.05.24"]
[Round "5"]
[White "Heuts, Guido"]
[Black "Roemhild, Wolfgang"]
[Result "0-1"]
[WhiteElo "1320"]
[BlackElo "1735"]
[PlyCount "82"]
[EventDate "2015.05.22"]
[EventType "swiss"]
[EventRounds "7"]
[EventCountry "NED"]
[Source "P.Boonen"]
[SourceDate "2015.01.01"]

1. d4 Nf6 2. c4 d5 3. Nc3 e6 4. Bf4 Bb4 5. e3 Nc6 6. cxd5 Nxd5 7. Nge2 O-O 8.
Bg3 f5 9. a3 Bd6 10. Nxd5 Bxg3 11. Ndc3 Bh4 12. Nf4 Be7 13. Be2 Rf6 14. Qb3 Qf8
15. Bc4 Nd8 16. O-O c6 17. Na4 b5 18. Nc5 bxc4 19. Qxc4 g5 20. Nh5 Rh6 21. Ng3
Kh8 22. Qc3 Qg7 23. Nd3 Ba6 24. Rfd1 Bxd3 25. Qxd3 Bd6 26. Rac1 Rc8 27. Qe2 f4
28. Ne4 f3 29. Qxf3 Bxh2+ 30. Kf1 Nf7 31. g3 Rf8 32. Qg2 e5 33. Ke2 exd4 34.
Rxd4 Ne5 35. Rh1 Ng4 36. f3 Qb7 37. Rd2 Qb5+ 38. Rd3 Qxb2+ 39. Rd2 Qb5+ 40. Rd3
Ne5 41. Rxh2 Qxd3+ 0-1

[Event "BPB Limburg-open C"]
[Site "Maastricht"]
[Date "2015.05.24"]
[Round "5"]
[White "Janssen, Valerie"]
[Black "Johnen, Franz"]
[Result "0-1"]
[WhiteElo "1271"]
[BlackElo "1717"]
[PlyCount "92"]
[EventDate "2015.05.22"]
[EventType "swiss"]
[EventRounds "7"]
[EventCountry "NED"]
[Source "P.Boonen"]
[SourceDate "2015.01.01"]

1. d4 d5 2. c4 c6 3. Nc3 e6 4. Nf3 Nf6 5. Bg5 Be7 6. e3 O-O 7. Bd3 h6 8. Bh4
Nbd7 9. O-O dxc4 10. Bxc4 b5 11. Bd3 Bb7 12. a3 Nd5 13. Bxe7 Qxe7 14. Nxd5 exd5
15. b4 a5 16. Qc2 axb4 17. axb4 Qxb4 18. Rxa8 Rxa8 19. Bh7+ Kf8 20. Qf5 Qe7 21.
Bg6 Qe6 22. Rc1 Ke7 23. Qxe6+ Kxe6 24. Bh5 g6 25. Bg4+ f5 26. Bh3 Nf6 27. Ne5
g5 28. g3 g4 29. Bg2 Nd7 30. Nxc6 Rc8 31. Bxd5+ Kd6 32. Rb1 Bxc6 33. Bxc6 Kxc6
34. h3 h5 35. hxg4 hxg4 36. Kg2 Ra8 37. Rb2 Ra3 38. Re2 b4 39. f3 b3 40. fxg4
Ra2 41. Rxa2 bxa2 42. g5 a1=Q 43. g6 Nf6 44. g7 Kd5 45. g4 fxg4 46. Kg3 Qe1+
0-1

[Event "BPB Limburg-open C"]
[Site "Maastricht"]
[Date "2015.05.24"]
[Round "5"]
[White "Karsten, Simon"]
[Black "Beukema, Christiaan"]
[Result "0-1"]
[WhiteElo "1666"]
[BlackElo "1470"]
[PlyCount "72"]
[EventDate "2015.05.22"]
[EventType "swiss"]
[EventRounds "7"]
[EventCountry "NED"]
[Source "P.Boonen"]
[SourceDate "2015.01.01"]

1. e4 e5 2. Nf3 Nc6 3. Bc4 Bc5 4. O-O d6 5. h3 Nf6 6. Re1 Be6 7. Bb3 a5 8. c3
h6 9. d3 b5 10. Be3 Qd7 11. Bxe6 Qxe6 12. d4 exd4 13. cxd4 Bb4 14. d5 Qe7 15.
dxc6 Bxe1 16. Qxe1 Nxe4 17. Nc3 Nxc3 18. Qxc3 O-O 19. Bd4 b4 20. Qd3 f6 21. Nh4
Rfe8 22. Qg3 Qf7 23. Nf5 Kh8 24. Qf4 Qg6 25. h4 Re6 26. Ng3 Rae8 27. Rc1 Re1+
28. Rxe1 Rxe1+ 29. Kh2 Ra1 30. Qe3 Qf7 31. a3 b3 32. Bc3 a4 33. Qa7 Qc4 34.
Qa8+ Kh7 35. Kh3 Qe6+ 36. Kh2 Qg4 0-1

[Event "BPB Limburg-open C"]
[Site "Maastricht"]
[Date "2015.05.24"]
[Round "5"]
[White "Koolen, Tom"]
[Black "Mohammadi Nia, Nosratollah"]
[Result "1/2-1/2"]
[WhiteElo "900"]
[BlackElo "1168"]
[PlyCount "66"]
[EventDate "2015.05.22"]
[EventType "swiss"]
[EventRounds "7"]
[EventCountry "NED"]
[Source "P.Boonen"]
[SourceDate "2015.01.01"]

1. e4 e5 2. Nf3 Nc6 3. Bc4 h6 4. c3 Bc5 5. Nxe5 Bxf2+ 6. Kxf2 Nxe5 7. Be2 Nf6
8. d3 O-O 9. Ke1 d6 10. Bf4 Bg4 11. Bxe5 Bxe2 12. Bxf6 Bxd1 13. Bxd8 Raxd8 14.
Kxd1 Rfe8 15. Na3 c6 16. Nc4 d5 17. exd5 Rxd5 18. Kc2 Re2+ 19. Nd2 Rxg2 20.
Rag1 Re2 21. Re1 Rxe1 22. Rxe1 Rd8 23. Nb3 g5 24. Na5 Rb8 25. Re7 Kf8 26. Rxb7
Rxb7 27. Nxb7 f5 28. Nd6 f4 29. Ne4 Kg7 30. Kd2 Kg6 31. Ke2 Kf5 32. Nd2 Kg4 33.
Nf3 Kh3 1/2-1/2

[Event "BPB Limburg-open C"]
[Site "Maastricht"]
[Date "2015.05.24"]
[Round "5"]
[White "Korinth, Leonardo Enrico"]
[Black "Nissel, Andreas"]
[Result "1-0"]
[WhiteElo "1665"]
[BlackElo "1628"]
[PlyCount "25"]
[EventDate "2015.05.22"]
[EventType "swiss"]
[EventRounds "7"]
[EventCountry "NED"]
[Source "P.Boonen"]
[SourceDate "2015.01.01"]

1. e4 e6 2. d3 d5 3. Nd2 Nf6 4. Ngf3 c5 5. g3 Nc6 6. Bg2 Be7 7. O-O O-O 8. Re1
e5 9. exd5 Nxd5 10. Nxe5 Nxe5 11. Rxe5 Be6 12. Qe2 Qd7 13. Bxd5 1-0

[Event "BPB Limburg-open C"]
[Site "Maastricht"]
[Date "2015.05.24"]
[Round "5"]
[White "Krug, Franz-Dieter"]
[Black "Uiterwijk, Jos"]
[Result "1-0"]
[WhiteElo "1639"]
[BlackElo "1622"]
[PlyCount "69"]
[EventDate "2015.05.22"]
[EventType "swiss"]
[EventRounds "7"]
[EventCountry "NED"]
[Source "P.Boonen"]
[SourceDate "2015.01.01"]

1. d4 d5 2. c4 e6 3. Nc3 Nf6 4. Bg5 Be7 5. cxd5 Nxd5 6. Bxe7 Qxe7 7. e4 Nxc3 8.
bxc3 O-O 9. Nf3 Rd8 10. Be2 c5 11. O-O cxd4 12. cxd4 b6 13. Re1 Bb7 14. Bc4 Qb4
15. Bd3 Nd7 16. Rb1 Qe7 17. Rb5 Ba6 18. Rh5 Bxd3 19. Qxd3 g6 20. Rh3 Nf6 21.
Qd2 h5 22. Qg5 Re8 23. Ne5 Nh7 24. Qd2 Qg5 25. f4 Qe7 26. Rg3 Kg7 27. Qe2 Qb4
28. Rd1 Nf6 29. f5 exf5 30. exf5 Ng4 31. h3 Nxe5 32. Qxh5 Rh8 33. f6+ Kg8 34.
Qxe5 Rh5 35. Qxh5 1-0

[Event "BPB Limburg-open C"]
[Site "Maastricht"]
[Date "2015.05.24"]
[Round "5"]
[White "Kumpen, Jona"]
[Black "Van Rossum, Pia"]
[Result "0-1"]
[WhiteElo "1607"]
[BlackElo "1568"]
[PlyCount "46"]
[EventDate "2015.05.22"]
[EventType "swiss"]
[EventRounds "7"]
[EventCountry "NED"]
[Source "P.Boonen"]
[SourceDate "2015.01.01"]

1. d4 d6 2. Nf3 g6 3. e3 Bg7 4. Be2 Nf6 5. c4 O-O 6. O-O b6 7. Nc3 Nc6 8. a3 e5
9. d5 Ne7 10. e4 Ne8 11. b4 f5 12. Nd2 f4 13. f3 g5 14. Nb3 Rf6 15. c5 Rh6 16.
Bd2 Nf6 17. Rc1 Qe8 18. cxd6 cxd6 19. Nb5 Qh5 20. Be1 Qxh2+ 21. Kf2 Bh3 22. Rg1
Qg3+ 23. Kf1 Bxg2+ 0-1

[Event "BPB Limburg-open C"]
[Site "Maastricht"]
[Date "2015.05.24"]
[Round "5"]
[White "Kumpen, Kurt"]
[Black "Valembois, Pierre"]
[Result "1-0"]
[WhiteElo "1417"]
[BlackElo "1203"]
[PlyCount "76"]
[EventDate "2015.05.22"]
[EventType "swiss"]
[EventRounds "7"]
[EventCountry "NED"]
[Source "P.Boonen"]
[SourceDate "2015.01.01"]

1. d4 Nf6 2. Nf3 e6 3. c4 Bb4+ 4. Bd2 Be7 5. Nc3 c5 6. e3 Nc6 7. d5 exd5 8.
Nxd5 Nxd5 9. cxd5 Nb4 10. Bxb4 cxb4 11. d6 Bf6 12. e4 Bg5 13. h4 Bh6 14. Qd4
Qa5 15. b3 O-O 16. Bc4 b5 17. Bd5 Rb8 18. g4 g6 19. g5 Bg7 20. O-O Bb7 21. Kg2
Bxd5 22. Qxd5 Rbc8 23. Rfd1 Rc2 24. Rd2 Rcc8 25. Nd4 Rfe8 26. f4 Qd8 27. Re1 a6
28. Rc2 Rc3 29. Rxc3 bxc3 30. Qc5 Qc8 31. Qxc8 Rxc8 32. Nc2 a5 33. Rd1 b4 34.
Rd5 Ra8 35. a4 h5 36. Kf3 Kf8 37. Rc5 Ke8 38. Ke3 Kd8 {.....} 1-0

[Event "BPB Limburg-open C"]
[Site "Maastricht"]
[Date "2015.05.24"]
[Round "5"]
[White "Kutchoukov, Daniel"]
[Black "Hotwani, Rahul"]
[Result "0-1"]
[WhiteElo "1471"]
[BlackElo "1697"]
[PlyCount "100"]
[EventDate "2015.05.22"]
[EventType "swiss"]
[EventRounds "7"]
[EventCountry "NED"]
[Source "P.Boonen"]
[SourceDate "2015.01.01"]

1. e4 e5 2. Nf3 Nc6 3. Bb5 a6 4. Ba4 Nf6 5. O-O b5 6. Bb3 Bc5 7. Re1 O-O 8. c3
d6 9. d4 Bb6 10. h3 h6 11. Be3 exd4 12. cxd4 Na5 13. Bc2 Nc4 14. Bc1 Nd7 15. b3
Na5 16. Bb2 c5 17. Nbd2 cxd4 18. Nxd4 Ne5 19. N2f3 Qf6 20. Rb1 Bb7 21. Nf5 Bc5
22. b4 Bxf2+ 23. Kxf2 Nac4 24. Bd4 Na3 25. Rb3 Nxc2 26. Qxc2 Rac8 27. Qb1 Rc4
28. Rc3 Rfc8 29. Rec1 Qe6 30. Nxe5 dxe5 31. Bc5 Bxe4 32. Qb3 Qxf5+ 33. Kg1 Bd5
34. Rxc4 Bxc4 35. Qa3 Qg6 36. Rd1 Rc6 37. Qe3 Re6 38. Rd8+ Kh7 39. a3 e4 40.
Qf4 e3 41. Bxe3 Qf6 42. Qxf6 Rxf6 43. Ra8 Rf1+ 44. Kh2 Re1 45. Bd2 Re2 46. Bf4
Bd5 47. Rd8 Rxg2+ 48. Kh1 Rf2+ 49. Kg1 Rxf4 50. Rxd5 Rf3 0-1

[Event "BPB Limburg-open C"]
[Site "Maastricht"]
[Date "2015.05.24"]
[Round "5"]
[White "Langbroek, Aarnout"]
[Black "Werkhoven, Gerard"]
[Result "1-0"]
[WhiteElo "1679"]
[BlackElo "1546"]
[PlyCount "112"]
[EventDate "2015.05.22"]
[EventType "swiss"]
[EventRounds "7"]
[EventCountry "NED"]
[Source "P.Boonen"]
[SourceDate "2015.01.01"]

1. e4 c5 2. Nc3 d6 3. Bb5+ Bd7 4. Bxd7+ Nxd7 5. f4 Ngf6 6. Nf3 e6 7. O-O Be7 8.
d3 O-O 9. Bd2 a6 10. Qe1 b5 11. a3 Qb6 12. Kh1 Rac8 13. Ng5 b4 14. axb4 cxb4
15. Na4 Qb5 16. Qb1 Rc6 17. Nf3 e5 18. fxe5 dxe5 19. c4 Qb8 20. b3 Rd8 21. Qe1
Nf8 22. Nb2 N6d7 23. Qg3 Rg6 24. Qf2 Bc5 25. Be3 Qb6 26. Bxc5 Qxc5 27. Qxc5
Nxc5 28. Nxe5 Re6 29. Nxf7 Rd7 30. Ng5 Rg6 31. Nf3 Nxb3 32. Ne5 Nxa1 33. Nxg6
Nxg6 34. Rxa1 Ra7 35. Ra5 Nf4 36. Kg1 Rf7 37. Rf5 Ne6 38. Rxf7 Kxf7 39. Kf2 Kf6
40. Ke3 Ke5 41. c5 Nd8 42. d4+ Ke6 43. Nc4 b3 44. Kd3 Kf6 45. Kc3 Kg5 46. Kxb3
Kf4 47. e5 Ke4 48. Kc3 g5 49. Nd6+ Kd5 50. Nc4 h5 51. Nb6+ Ke4 52. Kc4 g4 53.
Nd5 h4 54. Nf6+ Kf5 55. Kd5 a5 56. c6 Ne6 1-0

[Event "BPB Limburg-open C"]
[Site "Maastricht"]
[Date "2015.05.24"]
[Round "5"]
[White "Lemmens, Paul"]
[Black "Ratniece, Laura"]
[Result "1-0"]
[WhiteElo "1513"]
[BlackElo "1571"]
[PlyCount "55"]
[EventDate "2015.05.22"]
[EventType "swiss"]
[EventRounds "7"]
[EventCountry "NED"]
[Source "P.Boonen"]
[SourceDate "2015.01.01"]

1. e4 e6 2. Nc3 c5 3. Bc4 Nc6 4. a3 Bd6 5. d3 Nge7 6. f4 O-O 7. Be3 b6 8. Nf3
Ng6 9. Qd2 Be7 10. O-O-O f5 11. g3 a6 12. h4 b5 13. Ba2 h6 14. h5 fxe4 15. dxe4
Nh8 16. g4 c4 17. g5 Nf7 18. Rdg1 d5 19. g6 Nfe5 20. Nxe5 Nxe5 21. fxe5 d4 22.
Qxd4 Qxd4 23. Bxd4 Bd7 24. Nd1 Rf4 25. c3 Rxe4 26. Bb1 Rf4 27. Be3 Rf3 28. Be4
1-0

[Event "BPB Limburg-open C"]
[Site "Maastricht"]
[Date "2015.05.24"]
[Round "5"]
[White "Lenaerts, Robbe"]
[Black "Dijkstra, Johan"]
[Result "1/2-1/2"]
[WhiteElo "1260"]
[BlackElo "1640"]
[PlyCount "86"]
[EventDate "2015.05.22"]
[EventType "swiss"]
[EventRounds "7"]
[EventCountry "NED"]
[Source "P.Boonen"]
[SourceDate "2015.01.01"]

1. d4 d5 2. Nf3 Bf5 3. e3 e6 4. Be2 Nf6 5. O-O h6 6. b3 Be7 7. Bb2 Nbd7 8. Nbd2
Ne4 9. Ne5 Nxd2 10. Qxd2 f6 11. Nf3 g5 12. Bd3 Bxd3 13. Qxd3 f5 14. Ne5 Nxe5
15. dxe5 O-O 16. f4 g4 17. c4 c6 18. Rac1 Qb6 19. Bd4 c5 20. Bc3 Rad8 21. Rfd1
h5 22. Bb2 h4 23. Rc2 dxc4 24. Qe2 Rxd1+ 25. Qxd1 cxb3 26. axb3 Rd8 27. Rd2
Rxd2 28. Qxd2 Qxb3 29. Qc3 Qd5 30. Qc2 c4 31. Bd4 Bc5 32. Bxc5 Qxc5 33. Qc3 b5
34. g3 h3 35. Kf2 b4 36. Qd2 c3 37. Qd8+ Kf7 38. Qf6+ Ke8 39. Qxe6+ Qe7 40.
Qc8+ Kf7 41. Qxf5+ Ke8 42. Qc8+ Qd8 43. Qe6+ Qe7 1/2-1/2

[Event "BPB Limburg-open C"]
[Site "Maastricht"]
[Date "2015.05.24"]
[Round "5"]
[White "Lennartz, Ludwig"]
[Black "Ratzkowski, Dirk"]
[Result "0-1"]
[WhiteElo "1668"]
[BlackElo "1749"]
[PlyCount "58"]
[EventDate "2015.05.22"]
[EventType "swiss"]
[EventRounds "7"]
[EventCountry "NED"]
[Source "P.Boonen"]
[SourceDate "2015.01.01"]

1. e4 e5 2. Nf3 Nf6 3. Nxe5 d6 4. Nf3 Nxe4 5. d4 d5 6. Bd3 Bf5 7. O-O Bd6 8. c4
Nd7 9. Nc3 Nxc3 10. bxc3 Bxd3 11. Qxd3 O-O 12. cxd5 Nf6 13. c4 b5 14. c5 Be7
15. Ne5 Qxd5 16. Bb2 a6 17. Rfe1 Rfe8 18. Qg3 Nh5 19. Qg4 g6 20. Nxg6 fxg6 21.
Re5 Nf6 22. Qe2 Bf8 23. f4 Bh6 24. Qc2 Rxe5 25. dxe5 Ne4 26. Rd1 Qxc5+ 27. Qxc5
Nxc5 28. Rd5 Ne6 29. g3 Rd8 0-1

[Event "BPB Limburg-open C"]
[Site "Maastricht"]
[Date "2015.05.24"]
[Round "5"]
[White "Linschoten, Astrid"]
[Black "Van Dalen, Maiko"]
[Result "0-1"]
[WhiteElo "900"]
[BlackElo "1381"]
[PlyCount "66"]
[EventDate "2015.05.22"]
[EventType "swiss"]
[EventRounds "7"]
[EventCountry "NED"]
[Source "P.Boonen"]
[SourceDate "2015.01.01"]

1. Nf3 d5 2. g3 e6 3. Bg2 Nf6 4. d3 Bc5 5. Nbd2 Nbd7 6. O-O O-O 7. e4 c6 8. d4
dxe4 9. Nxe4 Be7 10. Nfd2 Rb8 11. c3 Qc7 12. Nc4 Nd5 13. Qf3 b6 14. Ne3 Qd8 15.
Nxd5 exd5 16. Nd2 Nf6 17. Re1 Re8 18. Qf4 Bd6 19. Rxe8+ Nxe8 20. Qe3 f5 21. f4
Nf6 22. Qe2 Bd7 23. Nf3 Qf8 24. Be3 Re8 25. Qd2 Ne4 26. Qc2 Nxg3 27. hxg3 Rxe3
28. Ne5 Bxe5 29. dxe5 Rxg3 30. Re1 Be6 31. Kh2 Rg4 32. Qd2 Qe7 33. Bh3 Qh4 0-1

[Event "BPB Limburg-open C"]
[Site "Maastricht"]
[Date "2015.05.24"]
[Round "5"]
[White "Maass, Andre"]
[Black "Been, Klaas"]
[Result "0-1"]
[WhiteElo "1483"]
[BlackElo "1722"]
[PlyCount "105"]
[EventDate "2015.05.22"]
[EventType "swiss"]
[EventRounds "7"]
[EventCountry "NED"]
[Source "P.Boonen"]
[SourceDate "2015.01.01"]

1. c4 e5 2. g3 Nc6 3. Bg2 Bc5 4. Nc3 a6 5. d3 Nf6 6. Nf3 d6 7. O-O h6 8. e3 O-O
9. a3 Ne7 10. b4 Ba7 11. d4 exd4 12. Nxd4 c6 13. Qc2 Re8 14. Bb2 Ng6 15. Nce2
Ne5 16. Nf3 Nxf3+ 17. Bxf3 Bh3 18. Bg2 Bxg2 19. Kxg2 Ne4 20. Bd4 Bxd4 21. Nxd4
Ng5 22. h4 Ne4 23. Qe2 Qd7 24. Rac1 Re7 25. Nb3 Rae8 26. Rc2 Nf6 27. Rd2 Ne4
28. Rb2 Nf6 29. Rd2 Ne4 30. Rb2 d5 31. c5 Qe6 32. Nd4 Qg6 33. Qf3 Re5 34. g4
Nf6 35. Kh3 Re4 36. Rg1 Nd7 37. Qf5 Qxf5 38. Nxf5 R4e6 39. Nd6 Rb8 40. Nf5 Ne5
41. h5 Nf3 42. Rg3 Ng5+ 43. Kh2 Ne4 44. Rg1 Rbe8 45. Rg2 Ng5 46. Nd6 R8e7 47.
Nf5 Rd7 48. Kg3 Ne4+ 49. Kh4 Ng5 50. Kg3 f6 51. f3 Kh7 52. Rh2 Nf7 53. Rh1 {
....} 0-1

[Event "BPB Limburg-open C"]
[Site "Maastricht"]
[Date "2015.05.24"]
[Round "5"]
[White "Mang, Dalya"]
[Black "Muntean, Adrian"]
[Result "0-1"]
[WhiteElo "900"]
[BlackElo "1237"]
[PlyCount "104"]
[EventDate "2015.05.22"]
[EventType "swiss"]
[EventRounds "7"]
[EventCountry "NED"]
[Source "P.Boonen"]
[SourceDate "2015.01.01"]

1. d4 d5 2. Nf3 Nf6 3. Bf4 e6 4. e3 Ne4 5. Bd3 g5 6. Be5 f6 7. Bxe4 fxe5 8.
Bxd5 exd5 9. Nxe5 h5 10. O-O Nd7 11. Ng6 Rh6 12. Nxf8 Nxf8 13. Nc3 Be6 14. Re1
Qd7 15. e4 O-O-O 16. Qd3 dxe4 17. Rxe4 Bf5 18. Rae1 Bxe4 19. Rxe4 Re6 20. Rxe6
Nxe6 21. d5 Nf4 22. Qd4 Nxd5 23. Qxa7 Nb6 24. h3 Qc6 25. a4 Kd7 26. Qa5 g4 27.
Qf5+ Qe6 28. Qh7+ Kc8 29. Qxh5 gxh3 30. gxh3 Qe1+ 31. Kg2 Rg8+ 32. Kf3 Rf8+ 33.
Kg4 Qg1+ 34. Kh4 Rf4+ 35. Qg4+ Rxg4+ 36. hxg4 Qxf2+ 37. Kh5 Qxc2 38. g5 Qxb2
39. Ne4 Qh8+ 40. Kg4 Nd5 41. g6 Nf6+ 42. Nxf6 Qxf6 43. Kh5 Qg7 44. Kg5 Kd7 45.
a5 Ke6 46. a6 bxa6 47. Kh5 Kf5 48. Kh4 Qxg6 49. Kh3 Qg4+ 50. Kh2 Kf4 51. Kh1
Kf3 52. Kh2 Qg2# 0-1

[Event "BPB Limburg-open C"]
[Site "Maastricht"]
[Date "2015.05.24"]
[Round "5"]
[White "Mang, Jessie"]
[Black "Woyave, Pascal"]
[Result "0-1"]
[WhiteElo "955"]
[BlackElo "1558"]
[PlyCount "72"]
[EventDate "2015.05.22"]
[EventType "swiss"]
[EventRounds "7"]
[EventCountry "NED"]
[Source "P.Boonen"]
[SourceDate "2015.01.01"]

1. e4 c6 2. d4 d5 3. exd5 cxd5 4. c4 Nf6 5. Nc3 e6 6. Nf3 Nc6 7. Bd3 dxc4 8.
Bxc4 b6 9. O-O Bd6 10. Re1 O-O 11. Bg5 Be7 12. Qd2 Bb7 13. Rad1 Na5 14. Ne5
Nxc4 15. Nxc4 Nd5 16. Bxe7 Qxe7 17. Nxd5 Bxd5 18. b3 Rac8 19. Ne3 Qg5 20. Nxd5
Qxd5 21. Re5 Qd6 22. Qe2 Rfd8 23. d5 exd5 24. Rexd5 Qxd5 25. Re1 Qe6 26. Qxe6
fxe6 27. g3 Kf7 28. Kg2 Rc2 29. a4 Rdd2 30. Rf1 Rb2 31. h4 Rxb3 32. Kh3 Rf3 33.
Rc1 Kf6 34. Rc7 h5 35. Rxa7 Rfxf2 36. g4 Rf3# 0-1

[Event "BPB Limburg-open C"]
[Site "Maastricht"]
[Date "2015.05.24"]
[Round "5"]
[White "Marechal, Georges"]
[Black "Eijkenboom, Raph"]
[Result "1-0"]
[WhiteElo "1653"]
[BlackElo "1226"]
[PlyCount "97"]
[EventDate "2015.05.22"]
[EventType "swiss"]
[EventRounds "7"]
[EventCountry "NED"]
[Source "P.Boonen"]
[SourceDate "2015.01.01"]

1. e4 d5 2. exd5 Qxd5 3. Nf3 e6 4. Be2 Nf6 5. Nc3 Qd8 6. O-O a6 7. d3 Be7 8.
Bg5 h6 9. Bh4 O-O 10. Qd2 c6 11. Rfe1 Nfd7 12. Bg3 c5 13. Rad1 Nc6 14. d4 cxd4
15. Nxd4 Nxd4 16. Qxd4 Qb6 17. Qxb6 Nxb6 18. Bc7 Nd7 19. Bf3 Ra7 20. Ne4 b6 21.
Bd6 Bxd6 22. Rxd6 Rc7 23. c3 f5 24. Ng3 e5 25. Bd5+ Kh7 26. Be6 g6 27. Bxd7
Rxd7 28. Rxd7+ Bxd7 29. Rxe5 Bb5 30. Rd5 Re8 31. f3 f4 32. Ne4 Re6 33. Rd6 Re5
34. Rxb6 Bd3 35. Rb4 a5 36. Rd4 Bb1 37. a3 Rb5 38. Rd2 Re5 39. Rd4 Rb5 40. b4
axb4 41. axb4 g5 42. Kf2 Rb7 43. g3 fxg3+ 44. hxg3 Rf7 45. Nc5 Ra7 46. Rd7+
Rxd7 47. Nxd7 Bd3 48. Ne5 Bb5 49. c4 1-0

[Event "BPB Limburg-open C"]
[Site "Maastricht"]
[Date "2015.05.24"]
[Round "5"]
[White "Mestrom, Sterre"]
[Black "Loutragotis, Marios"]
[Result "1-0"]
[WhiteElo "1312"]
[BlackElo "900"]
[PlyCount "85"]
[EventDate "2015.05.22"]
[EventType "swiss"]
[EventRounds "7"]
[EventCountry "NED"]
[Source "P.Boonen"]
[SourceDate "2015.01.01"]

1. d4 d5 2. g3 Nf6 3. Bg2 e6 4. Nf3 c5 5. c3 Nc6 6. O-O Bd6 7. Nbd2 O-O 8. Re1
Re8 9. e4 dxe4 10. Nxe4 Nxe4 11. Rxe4 f5 12. Re1 cxd4 13. Nxd4 Nxd4 14. cxd4
Bb4 15. Re2 e5 16. Qb3+ Be6 17. Qxb4 exd4 18. Bf4 d3 19. Rd2 Bc8 20. Rad1 a5
21. Qc4+ Be6 22. Qxd3 Qxd3 23. Rxd3 Bxa2 24. Bxb7 Ra7 25. Bd5+ Bxd5 26. Rxd5 g6
27. b3 Raa8 28. Ra1 Re4 29. Rdxa5 Re1+ 30. Rxe1 Rxa5 31. b4 Rb5 32. Bd6 Kf7 33.
Re5 Rxe5 34. Bxe5 Ke6 35. Bd4 Kd7 36. b5 Kc7 37. b6+ Kb7 38. h4 h5 39. Kg2 Kc6
40. Kf3 Kb7 41. Kf4 Kc6 42. Kg5 Kd7 43. Kxg6 1-0

[Event "BPB Limburg-open C"]
[Site "Maastricht"]
[Date "2015.05.24"]
[Round "5"]
[White "Michielsen, Kobus"]
[Black "De Bruin, Joost"]
[Result "0-1"]
[WhiteElo "1617"]
[BlackElo "1724"]
[PlyCount "128"]
[EventDate "2015.05.22"]
[EventType "swiss"]
[EventRounds "7"]
[EventCountry "NED"]
[Source "P.Boonen"]
[SourceDate "2015.01.01"]

1. e4 e6 2. d4 d5 3. Nc3 Bb4 4. e5 c5 5. Nf3 Nc6 6. Bb5 Nge7 7. O-O O-O 8. Bg5
Qb6 9. Bxc6 Nxc6 10. Na4 Qc7 11. c3 Ba5 12. Nxc5 Bb6 13. Nb3 Bd7 14. Qd2 a5 15.
a4 Be8 16. Bf6 h6 17. Bh4 Ne7 18. Bg3 Qc4 19. Qc2 Bxa4 20. Nfd2 Bxb3 21. Nxb3
Rfc8 22. Nd2 Qxd4 23. Ra4 Qc5 24. Rfa1 Nf5 25. Nb3 Qc7 26. Qd3 Nxg3 27. Qxg3
Qd8 28. Rh4 Kh8 29. Raa4 Rc4 30. Rg4 Rxa4 31. Rxa4 Rc8 32. h3 Rc4 33. Ra1 Bc7
34. Nd2 Rc6 35. Qe3 Qg5 36. Qxg5 hxg5 37. Nf3 f6 38. Re1 Kg8 39. exf6 gxf6 40.
Nd4 Rb6 41. Nxe6 Be5 42. Nc5 Rxb2 43. Rc1 Rb5 44. Na4 Kf7 45. Kf1 Rb3 46. Ke2
b5 47. Nb6 Rxc3 48. Rb1 Ke6 49. Rxb5 Rc2+ 50. Kf3 Rb2 51. Rxd5 Rxb6 52. Rxa5
Rb3+ 53. Ke2 Kf5 54. g3 Rb2+ 55. Kf1 Ke4 56. Ra4+ Bd4 57. Kg2 Rxf2+ 58. Kh1 Rd2
59. h4 gxh4 60. gxh4 Kf3 61. Rb4 Rd1+ 62. Kh2 Be5+ 63. Rf4+ Bxf4+ 64. Kh3 Rh1#
0-1

[Event "BPB Limburg-open C"]
[Site "Maastricht"]
[Date "2015.05.24"]
[Round "5"]
[White "Mitran, Ovi"]
[Black "Heinen, Dai"]
[Result "0-1"]
[WhiteElo "1523"]
[BlackElo "1510"]
[PlyCount "86"]
[EventDate "2015.05.22"]
[EventType "swiss"]
[EventRounds "7"]
[EventCountry "NED"]
[Source "P.Boonen"]
[SourceDate "2015.01.01"]

1. Nf3 d5 2. d4 Nf6 3. e3 Bg4 4. Nbd2 e6 5. c4 c5 6. Qb3 Qc7 7. cxd5 Bxf3 8.
Nxf3 Nxd5 9. Bb5+ Nd7 10. Ne5 N5b6 11. Bd2 cxd4 12. Nxd7 Nxd7 13. exd4 Bd6 14.
Rc1 Qd8 15. Bb4 Qe7 16. Bxd6 Qxd6 17. Qa4 a6 18. O-O Rd8 19. Be2 O-O 20. d5
exd5 21. Qd4 Qe5 22. Qxe5 Nxe5 23. Rfe1 Rfe8 24. Rc7 Rd7 25. Rc5 Nd3 26. Bxd3
Rxe1+ 27. Bf1 Re8 28. g3 f6 29. b4 Red8 30. a4 d4 31. Bd3 h6 32. Kf1 Kf8 33.
Ke2 Re7+ 34. Kd2 g5 35. g4 Kf7 36. Bf5 Rde8 37. f3 Re2+ 38. Kd3 R8e3+ 39. Kxd4
Rxf3 40. Rc7+ Re7 41. Bg6+ Kf8 42. Rc8+ Kg7 43. Be4 Rf4 0-1

[Event "BPB Limburg-open C"]
[Site "Maastricht"]
[Date "2015.05.24"]
[Round "5"]
[White "Mohammadi Nia, Borna"]
[Black "Reyskens, Jules"]
[Result "0-1"]
[WhiteElo "1241"]
[BlackElo "1688"]
[PlyCount "88"]
[EventDate "2015.05.22"]
[EventType "swiss"]
[EventRounds "7"]
[EventCountry "NED"]
[Source "P.Boonen"]
[SourceDate "2015.01.01"]

1. e4 c5 2. Nf3 e6 3. d4 cxd4 4. Nxd4 Nf6 5. Nc3 Nc6 6. Nxc6 bxc6 7. Bg5 Be7 8.
e5 Nd5 9. Bxe7 Qxe7 10. Nxd5 cxd5 11. Qd2 Bb7 12. O-O-O Bc6 13. Be2 O-O 14. h4
Rab8 15. h5 Qb4 16. Qxb4 Rxb4 17. h6 g6 18. Rdf1 f5 19. exf6 Rxf6 20. Rh3 Kf7
21. Rf3 Rxf3 22. Bxf3 e5 23. g4 g5 24. Be2 a5 25. a3 Rb8 26. Bd3 Bb5 27. Re1
Bxd3 28. cxd3 d6 29. f3 d4 30. Kc2 Kg6 31. Rh1 Rb6 32. Rh2 d5 33. Re2 Kf6 34.
Kd1 a4 35. Rc2 Kg6 36. Rh2 Rc6 37. Kd2 Rf6 38. Ke2 Rf4 39. Rh3 e4 40. dxe4 dxe4
41. fxe4 Rxe4+ 42. Kf3 Re3+ 43. Kg2 Rxh3 44. Kxh3 d3 0-1